000 00814nam a22001337a 4500
040 _cRUA
082 _aAED KEO 2012 B263 Or.1
100 _aKEO, SOCHEAT.
245 _aThe economics analysis on rice production providing the environmental services in sangkat srayov krong stueng sen saen kampot thom province, ការវិភាគសេដ្ឋកិច្ចទៅលើផលិតកម្មដំណាំស្រូវផ្ដល់នូវសេវាកម្មបរិស្ថាននៅសង្កាត់ស្រយ៉ូវ ក្រុងស្ទឹងសែន ខេត្តកំពង់ធំ
260 _aPhnom Penh
_bRUA
_c2012
300 _axiii; 64p.
_bill.
_c29cm.
856 _uhttps://drive.google.com/file/d/1In6XEDAOB8SMSzQto3LbrXvxEObL2Vrk/view?usp=sharing
942 _cAED
999 _c5167
_d5167